Beste Champions League Torschützen Tottenham Hotspur - Statistiken

Allgemein
  • Dieses Quiz wurde 350 mal gespielt
    35 seit der letzten Aktualisierung
  • Das Durchschnittsergebnis liegt bei 8 aus 10
Antwortstatistiken
Saison Nationalität Tore Spieler % Korrekt
2019/20 England 6 Harry Kane
100%
2018/19 England 5 Harry Kane
100%
2017/18 England 7 Harry Kane
100%
2016/17 England 2 Harry Kane
100%
2022/23 Südkorea 2 Heung-min Son
94%
2010/11 Wales 4 Gareth Bale
84%
2022/23 Brasilien 2 Richarlison
75%
2018/19 Brasilien 5 Lucas Moura
59%
2025/26 Frankreich 4 Randal Kolo Muani
44%
2010/11 England 4 Peter Crouch
16%
Keine übereinstimmenden Quizze gefunden
Verteilung der Resultate
Anzahl Personen mit jedem Resultat
Perzentil nach korrekt beantworteten Fragen
Ihre Resultats-Entwicklung
Sie haben dieses Quiz seit der letzten Aktualisierung nicht gespielt